|
|
|
|
| LEADER |
00000nam0a2200000 4500 |
| 001 |
234448 |
| 005 |
20231101231325.0 |
| 010 |
|
|
|a 9780521189064
|
| 035 |
|
|
|a (RuTPU)RU\TPU\book\255571
|
| 035 |
|
|
|a RU\TPU\book\241677
|
| 090 |
|
|
|a 234448
|
| 100 |
|
|
|a 20130325d2012 m y0engy50 ba
|
| 101 |
0 |
|
|a eng
|
| 102 |
|
|
|a GB
|
| 105 |
|
|
|a a j 000zy
|
| 200 |
1 |
|
|a English Grammar in Use. A self-study reference and practice book for intermediate learners of English with answers
|f R. Murphy
|
| 205 |
|
|
|a 4th ed.
|
| 210 |
|
|
|a Cambridge
|c Cambridge University Press
|d 2012
|
| 215 |
|
|
|a 380 p.
|c il.
|
| 320 |
|
|
|a Index: p. 373-380.
|
| 606 |
1 |
|
|a Английский язык
|x Учебные руководства и пособия для высшей школы
|x Пособия по грамматике
|2 stltpush
|3 (RuTPU)RU\TPU\subj\29073
|9 52485
|
| 610 |
1 |
|
|a грамматика
|
| 610 |
1 |
|
|a упражнения
|
| 686 |
|
|
|a Ш143.21-923.2
|v LBC/SL-A
|2 rubbk
|
| 700 |
|
1 |
|a Murphy
|b R.
|g Raymond
|
| 801 |
|
1 |
|a RU
|b 63413507
|c 20031112
|g PSBO
|
| 801 |
|
2 |
|a RU
|b 63413507
|c 20230331
|g PSBO
|
| 942 |
|
|
|c BK
|